• 首页
  • 本馆介绍
  • 公告通知
  • 最新文献
  • 馆藏检索
  • 电子资源
  • 读者导购
  • 参考咨询
  • 我的图书馆
  • 登录
  • 详细信息显示
  • 放入我的书架
  • 预约/预借图书
  • 作者相关作品
  • 分类相关作品
  • 丛书相关作品
  • 出版社相关作品

书目信息

  • 表格格式
  • 工作单格式
  • 卡片格式
题名:
50天减50斤
    
 
作者: 张长青 著
分册:  
出版信息: 广州   广东旅游出版社  2019
页数: 249页
开本: 21cm
丛书名:
单 册:
中图分类: TS974.14
科图分类:
主题词: 减肥--jian fei--基本知识
电子资源:
ISBN: 978-7-5570-1765-1
000 01164nam0 2200265 45
001 012001003575
005 20140102135308.0
010    @a978-7-5570-1765-1@dCNY58.00
099    @aCAL 012019099611
100    @a20190710d2019 em y0chiy50 ea
101 0  @achi
102    @aCN@b440000
105    @aak z 000yy
106    @ar
200 1  @a50天减50斤@A50 tian jian 50 jin@e减肥达人张长青陪你健康瘦下来@f张长青著
210    @a广州@c广东旅游出版社@d2019
215    @a249页@c彩图@d21cm
314    @a张长青, 减肥达人, 国家一级健康管理师, 张长青减肥操创始人。
330    @a这是一本帮你实现完美蜕变, 重拾信心与好运的书, 是一份让胖友们受益终身的瘦身方案。作者张长青从自己多年减肥经历中, 总结出了一套独有的减肥方法 —— 健康饮食加巧妙运动, 并靠这套方法仅在100天之内减肥100斤, 至今不反弹。这套方案不仅科学、健康、操作难度低, 更重要的是, 它可以持续地起作用, 不会让体重反弹。
517 1  @a减肥达人张长青陪你健康瘦下来@Ajian fei da ren zhang chang qing pei ni jian kang shou xia lai
606 0  @a减肥@Ajian fei@x基本知识
690    @aTS974.14@v5
701  0 @a张长青@Azhang chang qing@4著
801  0 @aCN@b北京卓展@c20191020
905    @b1212161-4@dTS974.14@e558@f4
    
    50天减50斤:减肥达人张长青陪你健康瘦下来/张长青著.-广州:广东旅游出版社,2019
    249页:彩图;21cm
    
    
    ISBN 978-7-5570-1765-1:CNY58.00
    这是一本帮你实现完美蜕变, 重拾信心与好运的书, 是一份让胖友们受益终身的瘦身方案。作者张长青从自己多年减肥经历中, 总结出了一套独有的减肥方法 —— 健康饮食加巧妙运动, 并靠这套方法仅在100天之内减肥100斤, 至今不反弹。这套方案不仅科学、健康、操作难度低, 更重要的是, 它可以持续地起作用, 不会让体重反弹。
●
相关链接 在E读中查询图书 在五车中查询图书 在当当中查询图书 在豆瓣中查询图书


正题名:50天减50斤     索取号:TS974.14/558         预约/预借

序号 登录号 条形码 馆藏地/架位号 状态 备注
1 1212161   212121611   第二样本阅览室/ [索取号:TS974.14/558] 在馆    
2 1212162   212121620   第三借阅区/ [索取号:TS974.14/558] 在馆    
3 1212163   212121639   第三借阅区/ [索取号:TS974.14/558] 在馆    
4 1212164   212121648   第三借阅区/ [索取号:TS974.14/558] 在馆    
唐山师范学院图书馆 欢迎您!
大连网信软件有限公司© 版权所有